[Event "XVI C.to Mondiale seniores"]
[Site "Arvier ITA"]
[Date "2006.09.22"]
[Round "11"]
[White "Marjanovic, Slavko"]
[Black "Cavatorta, Fosco"]
[Result "0-1"]
[WhiteElo "1967"]
[BlackElo "2010"]
[PlyCount "92"]
[EventDate "2006.09.11"]

1. d4 d6 2. c4 e5 3. dxe5 dxe5 4. Nc3 Qxd1+ 5. Nxd1 Be6 6. e3 Bb4+ 7. Bd2 Bxd2+
8. Kxd2 Nd7 9. Nc3 O-O-O 10. Rd1 Nb6+ 11. Kc1 Rxd1+ 12. Nxd1 Nxc4 13. b3 Nd6
14. Nf3 Bf5 15. Kb2 f6 16. Nc3 Ne7 17. Be2 Rd8 18. Rd1 g5 19. h3 c6 20. Nd2 Kc7
21. Bf3 Ng6 22. Be2 Nf8 23. Kc1 Ne6 24. Nc4 Nc5 25. Nxd6 Rxd6 26. Rxd6 Kxd6 27.
Kd2 b5 28. b4 Ne4+ 29. Nxe4+ Bxe4 30. f3 Bd5 31. a3 a6 32. g4 Kc7 33. Kc3 Kb6
34. Bd3 a5 35. Be2 c5 36. Bd3 cxb4+ 37. axb4 a4 38. Be2 a3 39. Kc2 Bf7 40. Kc3
Bc4 41. Bd1 Kc6 42. Kc2 Kd6 43. Kc3 Ke7 44. Kc2 Kf7 45. Kc3 Kg6 46. Kc2 h5 0-1

[Event "XVI C.to Mondiale seniores"]
[Site "Arvier ITA"]
[Date "2006.09.22"]
[Round "11"]
[White "Neudel, Bernd"]
[Black "Schwertel, Johann"]
[Result "1/2-1/2"]
[WhiteElo "1969"]
[BlackElo "2063"]
[PlyCount "64"]
[EventDate "2006.09.11"]

1. d4 d5 2. Nf3 Nf6 3. c4 c6 4. e3 Bf5 5. Nc3 e6 6. a3 Nbd7 7. cxd5 exd5 8. Bd3
Bg6 9. O-O Be7 10. Re1 O-O 11. Qc2 Re8 12. Ne5 Bxd3 13. Nxd3 Bd6 14. f3 Qc7 15.
g3 Re7 16. Bd2 Rae8 17. Re2 Nb6 18. b3 Nbd7 19. Rg2 Nf8 20. a4 a5 21. Rc1 Ne6
22. f4 Qb6 23. g4 Bb4 24. g5 Bxc3 25. Bxc3 Ne4 26. Be1 g6 27. Nf2 Ng7 28. Ng4
Nf5 29. Qd3 Kg7 30. Ne5 f6 31. gxf6+ Nxf6 32. Rc3 Ne4 1/2-1/2

[Event "XVI C.to Mondiale seniores"]
[Site "Arvier ITA"]
[Date "2006.09.22"]
[Round "11"]
[White "Ofstad, Per"]
[Black "Sorokin, Valentin"]
[Result "0-1"]
[WhiteElo "2151"]
[BlackElo "2337"]
[PlyCount "90"]
[EventDate "2006.09.11"]

1. d4 Nf6 2. Nf3 e6 3. Bf4 c5 4. c3 Nc6 5. e3 d5 6. Nbd2 Bd6 7. Bg3 Qc7 8. Be2
b6 9. Bxd6 Qxd6 10. O-O O-O 11. Re1 Bb7 12. Bd3 Rad8 13. Qa4 a6 14. Rad1 e5 15.
dxe5 Nxe5 16. Nxe5 Qxe5 17. Qh4 Rd6 18. Nf3 Qe8 19. Bc2 Qd8 20. Ng5 h6 21. Nf3
Ne4 22. Bxe4 dxe4 23. Qxd8 Rfxd8 24. Rxd6 Rxd6 25. Ne5 b5 26. Kf1 g5 27. h4 f6
28. Ng4 Bc8 29. f3 Bxg4 30. fxg4 gxh4 31. Ke2 Rd5 32. Rh1 Kg7 33. Rxh4 Kg6 34.
Rh1 Rg5 35. c4 Rxg4 36. Kf2 Rg5 37. b3 Rf5+ 38. Ke2 Kg5 39. Rh3 h5 40. Rg3+ Kh6
41. Rg8 bxc4 42. bxc4 Rg5 43. Re8 Rxg2+ 44. Kf1 Rxa2 45. Rxe4 Kg5 0-1

[Event "XVI C.to Mondiale seniores"]
[Site "Arvier ITA"]
[Date "2006.09.22"]
[Round "11"]
[White "Spassov, Liuben D."]
[Black "Piankov, Evgenij"]
[Result "1-0"]
[WhiteElo "2387"]
[BlackElo "2324"]
[PlyCount "45"]
[EventDate "2006.09.11"]

1. d4 d5 2. c4 c6 3. Nc3 e6 4. e3 Bd6 5. Bd3 f5 6. Nge2 Nf6 7. Qc2 O-O 8. f3
Kh8 9. O-O dxc4 10. Bxc4 e5 11. dxe5 Bxe5 12. Bd3 Nd5 13. Nxd5 Qxd5 14. e4 Qf7
15. Bf4 Bxf4 16. Nxf4 Qf6 17. Kh1 g6 18. Rae1 Nd7 19. exf5 Ne5 20. g4 Nxd3 21.
Qxd3 b6 22. Ne6 Rf7 23. g5 1-0

[Event "XVI C.to Mondiale seniores"]
[Site "Arvier ITA"]
[Date "2006.09.22"]
[Round "11"]
[White "Tatai, Stefano"]
[Black "Gutzeit, Avraham"]
[Result "1-0"]
[WhiteElo "2361"]
[BlackElo "2079"]
[PlyCount "61"]
[EventDate "2006.09.11"]

1. e4 e5 2. Nf3 Nc6 3. Bb5 a6 4. Bxc6 dxc6 5. O-O Qd6 6. d3 Bg4 7. Be3 f6 8.
Nbd2 g5 9. h3 Bh5 10. Nc4 Qe7 11. b4 Bf7 12. Bc5 Qe6 13. Bxf8 Kxf8 14. Nfd2 Rd8
15. Ne3 Ne7 16. a4 h5 17. Qf3 Bg6 18. Nb3 Kf7 19. Rfb1 b6 20. a5 b5 21. Nc5 Qc8
22. c3 Kg7 23. Rd1 Rd6 24. d4 exd4 25. Rxd4 Rhd8 26. Rad1 Rxd4 27. cxd4 Rd6 28.
e5 fxe5 29. dxe5 Rxd1+ 30. Qxd1 Bf7 31. Qf3 1-0

[Event "XVI C.to Mondiale seniores"]
[Site "Arvier ITA"]
[Date "2006.09.22"]
[Round "11"]
[White "Wagman, Stuart"]
[Black "Johnsen, Gunnar"]
[Result "1/2-1/2"]
[WhiteElo "2125"]
[BlackElo "2215"]
[PlyCount "92"]
[EventDate "2006.09.11"]

1. e4 c5 2. Nf3 Nc6 3. d4 cxd4 4. Nxd4 Nf6 5. Nc3 d6 6. Be2 e6 7. O-O Be7 8.
Be3 O-O 9. f4 a6 10. Kh1 Qc7 11. Qe1 Re8 12. Qg3 Bf8 13. Rad1 Kh8 14. e5 Nd5
15. Bg1 Nxc3 16. Qxc3 Bd7 17. Nf3 Red8 18. Ng5 Be8 19. f5 exf5 20. Qh3 h6 21.
e6 Ne5 22. exf7 Bxf7 23. Nxf7+ Qxf7 24. b3 b5 25. Qxf5 Qxf5 26. Rxf5 Rac8 27.
h3 g6 28. Rf2 Rxc2 29. Bf1 Rdc8 30. Rfd2 Kg7 31. a4 Rxd2 32. Rxd2 Rc1 33. Be2
Rb1 34. axb5 axb5 35. Bxb5 Rxb3 36. Be2 Kf6 37. Bf2 Ke6 38. g3 d5 39. Kg2 Bb4
40. Ra2 Bc3 41. Ra6+ Kf5 42. g4+ Ke4 43. Bg3 Rb2 44. Kf1 Rb1+ 45. Kg2 Rb2 46.
Kf1 Rb1+ 1/2-1/2

[Event "XVI C.to Mondiale seniores"]
[Site "Arvier ITA"]
[Date "2006.09.22"]
[Round "11"]
[White "Westerinen, Heikki M.J."]
[Black "Vasiukov, Evgeni A."]
[Result "1/2-1/2"]
[WhiteElo "2378"]
[BlackElo "2505"]
[PlyCount "52"]
[EventDate "2006.09.11"]

1. e4 c5 2. Nf3 d6 3. d4 cxd4 4. Nxd4 Nf6 5. Nc3 Nc6 6. Bg5 Qb6 7. Nb3 e6 8.
Bd3 Be7 9. O-O a6 10. Qe2 h6 11. Bd2 g5 12. a4 a5 13. Nb5 Bd7 14. Rad1 Rg8 15.
c4 Ne5 16. Bb1 Bxb5 17. cxb5 Nfd7 18. Be3 Qd8 19. Nd4 Rc8 20. Ba2 Rg6 21. f4
gxf4 22. Bxf4 Bg5 23. Bg3 Bh4 24. Bf4 Bg5 25. Bg3 Bh4 26. Bf4 Bg5 1/2-1/2

[Event "XVI C.to Mondiale seniores"]
[Site "Arvier ITA"]
[Date "2006.09.22"]
[Round "11"]
[White "Zhelesny, Stanislav"]
[Black "Jakobsen, Ole"]
[Result "0-1"]
[WhiteElo "2235"]
[BlackElo "2387"]
[PlyCount "52"]
[EventDate "2006.09.11"]

1. Nf3 c5 2. g3 g6 3. Bg2 Bg7 4. d4 Nf6 5. O-O cxd4 6. Nxd4 d5 7. Nb3 O-O 8. c4
dxc4 9. Qxd8 Rxd8 10. Na5 Nc6 11. Nxc6 bxc6 12. Bxc6 Bh3 13. Bg2 Bxg2 14. Kxg2
Nd5 15. Na3 Rac8 16. Rb1 f5 17. Bd2 Nb6 18. Ba5 Rd5 19. Bb4 a5 20. Be1 a4 21.
Bc3 e5 22. Rfc1 Bf8 23. Nc2 Bh6 24. Rd1 Rcd8 25. Rxd5 Nxd5 26. Rd1 Nf4+ 0-1

[Event "I Festival Riviera dei Cedri A"]
[Site "Scalea ITA"]
[Date "2006.09.14"]
[Round "1"]
[White "Cammarota, Vittorio"]
[Black "Maccario, Mauro"]
[Result "1-0"]
[WhiteElo "2002"]
[BlackElo "2165"]
[PlyCount "39"]
[EventDate "2006.09.14"]

1.Nf3 d5 2.d4 c6 3.e3 e6 4.Bd3 f5 5.O-O Nf6 6.b3 Bd6 7.Bb2 O-O 8.Ne5 b6 9.
f4 Bb7 10.Nd2 Nbd7 11.Qe2 a5 12.a4 Ne4 13.Ndf3 Ndf6 14.Rac1 Qe7 15.Ng5 
Bxe5 16.dxe5 Nd7 17.Qh5 h6 18.Nf3 Qf7 19.Qh3 Kh7 20.Bxe4 1-0

[Event "I Festival Riviera dei Cedri A"]
[Site "Scalea ITA"]
[Date "2006.09.14"]
[Round "1"]
[White "Cordi', Domenico"]
[Black "Stojanovic, Mihajlo"]
[Result "0-1"]
[WhiteElo "2065"]
[BlackElo "2547"]
[PlyCount "74"]
[EventDate "2006.09.14"]

1.e4 e6 2.d4 d5 3.Nd2 Bd7 4.exd5 exd5 5.Bd3 Nc6 6.c3 Bd6 7.Ngf3 Qe7+ 8.Qe2
O-O-O 9.Qxe7 Ngxe7 10.O-O Bf5 11.Bxf5+ Nxf5 12.Ng5 Rd7 13.Re1 f6 14.Nh3 
Re7 15.Rxe7 Ncxe7 16.Nf1 g5 17.Bd2 h5 18.Re1 Kd7 19.Ne3 Nxe3 20.Bxe3 Nf5 
21.Bd2 b5 22.a3 c5 23.dxc5 Bxc5 24.Kf1 Nd6 25.Ng1 Ne4 26.Be3 Bxe3 27.fxe3 
Nd2+ 28.Kf2 Nc4 29.Re2 g4 30.b3 Nd6 31.Rc2 Ne4+ 32.Ke1 Nc5 33.c4 bxc4 34.
bxc4 Rb8 35.g3 Rb1+ 36.Kf2 Nd3+ 37.Ke2 Ne5 0-1

[Event "I Festival Riviera dei Cedri A"]
[Site "Scalea ITA"]
[Date "2006.09.14"]
[Round "1"]
[White "Damiano, Giuseppe"]
[Black "Vannelli, Vittorio"]
[Result "1-0"]
[WhiteElo "2072"]
[BlackElo "1924"]
[PlyCount "76"]
[EventDate "2006.09.14"]

1.e4 c5 2.Nf3 Nc6 3.Bb5 Nf6 4.Nc3 d6 5.Bxc6+ bxc6 6.e5 Nd5 7.Ne4 Qc7 8.b3 
f6 9.exd6 exd6 10.O-O Be7 11.Re1 O-O 12.Bb2 Bg4 13.h3 Bh5 14.Ng3 Bg6 15.
Nh4 Rfe8 16.d3 Bf8 17.Nxg6 hxg6 18.Qg4 Qf7 19.a3 Rxe1+ 20.Rxe1 Re8 21.Rxe8
Qxe8 22.Kf1 f5 23.Qe2 Qf7 24.Qf3 Ne7 25.Ne2 d5 26.Qe3 Nc8 27.Nf4 c4 28.
dxc4 dxc4 29.b4 Nb6 30.Qe6 Na4 31.Bd4 c5 32.bxc5 Nxc5 33.Qxg6 Qb7 34.Qxf5 
Qb1+ 35.Ke2 Na4 36.Qd5+ Kh7 37.Qxc4 Nb2 38.Bxb2 Qxb2 1-0

[Event "I Festival Riviera dei Cedri A"]
[Site "Scalea ITA"]
[Date "2006.09.14"]
[Round "1"]
[White "Falcomata', Gesualdo"]
[Black "Armentano, Alessio"]
[Result "0-1"]
[WhiteElo "1951"]
[BlackElo "2087"]
[PlyCount "74"]
[EventDate "2006.09.14"]

1.c4 e5 2.Nc3 Nc6 3.g3 g6 4.Bg2 Bg7 5.e3 d6 6.Nge2 Nge7 7.O-O O-O 8.d4 f5 
9.a3 a5 10.Rb1 g5 11.f4 Ng6 12.dxe5 gxf4 13.exf4 dxe5 14.Qxd8 Nxd8 15.Nd5 
Ne6 16.fxe5 Bxe5 17.Bh6 Rf7 18.Nef4 c6 19.Rfe1 cxd5 20.Rxe5 Nxe5 21.Re1 
Rf6 22.Rxe5 Rxh6 23.Bxd5 Ra6 24.b3 Kg7 25.Nd3 Kf6 26.Re3 Rd6 27.Ne5 Nc7 
28.g4 Rh4 29.g5+ Kg7 30.Bf3 Ne6 31.Be2 Re4 32.Rxe4 fxe4 33.Bg4 Rb6 34.h4 
Rxb3 35.h5 Rxa3 36.h6+ Kg8 37.Bf5 Rg3+ 0-1

[Event "I Festival Riviera dei Cedri A"]
[Site "Scalea ITA"]
[Date "2006.09.14"]
[Round "1"]
[White "Okhotnik, Vladimir"]
[Black "Bottino, Alexiei"]
[Result "1-0"]
[WhiteElo "2485"]
[BlackElo "2048"]
[PlyCount "59"]
[EventDate "2006.09.14"]

1.d4 d5 2.Nf3 c6 3.Nc3 Bf5 4.Nh4 Bg4 5.h3 Bh5 6.g4 e6 7.Nf3 Bg6 8.Ne5 Nf6 
9.h4 h6 10.Nxg6 fxg6 11.Qd3 Kf7 12.h5 g5 13.f4 gxf4 14.Bxf4 Bd6 15.Bd2 Qc7
16.O-O-O Bf4 17.g5 hxg5 18.e3 Bh2 19.Qg6+ Kf8 20.Be2 Rh6 21.Qxg5 Bd6 22.
Rdf1 e5 23.Rhg1 e4 24.Qxh6 gxh6 25.Rxf6+ Ke7 26.Rxh6 Nd7 27.Rg7+ Ke8 28.
Bg4 Rd8 29.Rh8+ Bf8 30.Bf5 1-0

[Event "I Festival Riviera dei Cedri A"]
[Site "Scalea ITA"]
[Date "2006.09.14"]
[Round "1"]
[White "Serratore, Vincenzo"]
[Black "Stromboli, Ettore"]
[Result "0-1"]
[WhiteElo "2046"]
[BlackElo "2224"]
[PlyCount "38"]
[EventDate "2006.09.14"]

1.d4 e6 2.Bf4 b6 3.Nf3 Ba6 4.Nbd2 Nf6 5.c3 Be7 6.h3 c5 7.e3 Bxf1 8.Nxf1 
Nc6 9.Qa4 O-O 10.Ne5 cxd4 11.exd4 Nxe5 12.Bxe5 d6 13.Bh2 Nd5 14.Nd2 b5 15.
Qc2 Rc8 16.O-O Qb6 17.Qd3 Nf6 18.a3 a5 19.Rfc1 d5 0-1

[Event "I Festival Riviera dei Cedri A"]
[Site "Scalea ITA"]
[Date "2006.09.14"]
[Round "1"]
[White "Stromboli, Carlo"]
[Black "Nicolosi, Daniele"]
[Result "1-0"]
[WhiteElo "2196"]
[BlackElo "2029"]
[PlyCount "83"]
[EventDate "2006.09.14"]

1.e4 e5 2.Nf3 d6 3.d4 exd4 4.Nxd4 Nf6 5.Nc3 Be7 6.Nde2 O-O 7.h3 c6 8.Nf4 
Nbd7 9.g4 Nc5 10.Bg2 Re8 11.O-O Nfd7 12.Nfe2 Qc7 13.Bf4 Ne5 14.b3 g6 15.
Qd2 Bf6 16.Rad1 Ne6 17.Be3 Be7 18.f4 Nd7 19.g5 f5 20.gxf6 Nxf6 21.Ng3 Ng7 
22.Nce2 Nfh5 23.c4 Be6 24.f5 Bf7 25.Bd4 gxf5 26.Nxf5 Bg6 27.Nh6+ Kh8 28.
Nf4 Nxf4 29.Qxf4 Rf8 30.Qg3 Rxf1+ 31.Rxf1 Rf8 32.Rxf8+ Bxf8 33.Qf2 Qe7 34.
Qf3 b6 35.Bb2 Qe8 36.h4 Bh5 37.Qf4 Bg6 38.Bf3 Be7 39.h5 Bxh5 40.Nf5 Qg6+ 
41.Kf1 Bf8 42.Nxg7 1-0

[Event "I Festival Riviera dei Cedri A"]
[Site "Scalea ITA"]
[Date "2006.09.15"]
[Round "2"]
[White "Armentano, Alessio"]
[Black "Okhotnik, Vladimir"]
[Result "0-1"]
[WhiteElo "2087"]
[BlackElo "2485"]
[PlyCount "96"]
[EventDate "2006.09.14"]

1.e4 d5 2.exd5 Qxd5 3.Nc3 Qd8 4.d4 g6 5.Be3 Nh6 6.Qd2 Nf5 7.O-O-O Bg7 8.
Bc4 Nxe3 9.fxe3 O-O 10.Nf3 c5 11.Ne4 cxd4 12.exd4 Nc6 13.c3 Na5 14.Bd3 Be6
15.Kb1 b6 16.Neg5 Bc4 17.b3 Bxd3+ 18.Qxd3 Rc8 19.g4 Qd7 20.Rhg1 Rfd8 21.
Rg3 Qd5 22.Kb2 b5 23.Qe4 e5 24.Qxd5 Rxd5 25.Rg2 Nc6 26.Rgd2 exd4 27.cxd4 
Rcd8 28.Kc3 Rc5+ 29.Kb2 Nxd4 30.Kb1 Rcd5 31.Ne4 f5 32.gxf5 Re8 33.f6 Nxf3 
34.Rxd5 Rxe4 35.fxg7 Kxg7 36.Rd7+ Kh6 37.Rxa7 Rh4 38.Rdd7 Ng5 39.Rd2 b4 
40.Rc7 Ne4 41.Rg2 Nd6 42.Kb2 Rd4 43.Re2 Rd1 44.Rc1 Rd5 45.Rf1 g5 46.Rf3 
Nf5 47.Rc2 Kh5 48.Rh3+ Nh4 0-1

[Event "I Festival Riviera dei Cedri A"]
[Site "Scalea ITA"]
[Date "2006.09.15"]
[Round "2"]
[White "Blasco, Domenico"]
[Black "Maccario, Mauro"]
[Result "0-1"]
[WhiteElo "1992"]
[BlackElo "2165"]
[PlyCount "98"]
[EventDate "2006.09.14"]

1.d4 d5 2.Bf4 Nf6 3.e3 c5 4.c3 Nc6 5.Bd3 Qb6 6.Qb3 c4 7.Qxb6 axb6 8.Bc2 e6
9.Nd2 b5 10.Ngf3 b4 11.O-O Be7 12.e4 O-O 13.e5 Nd7 14.Bg5 Bxg5 15.Nxg5 h6 
16.Nh3 b5 17.f4 bxc3 18.bxc3 b4 19.cxb4 Nxd4 20.Bd1 Ba6 21.Nf3 Nc6 22.Ba4 
Bb7 23.Bxc6 Bxc6 24.Nd4 Ba4 25.Nf2 Rfb8 26.a3 Rb6 27.Rfe1 Raa6 28.Re3 f6 
29.exf6 gxf6 30.Rae1 e5 31.Nf5 Kf7 32.Ng4 h5 33.Ngh6+ Ke6 34.Rg3 Nb8 35.
fxe5 fxe5 36.Rg6+ Kd7 37.Rg7+ Kc6 38.Rxe5 Nd7 39.Re6+ Kc7 40.Ree7 Rxh6 41.
Nxh6 Rxh6 42.Kf2 d4 43.Ke2 Rd6 44.Rg5 d3+ 45.Kd2 c3+ 46.Kxc3 d2 47.Rc5+ 
Kb6 48.Rxh5 d1=Q 49.Rh3 Qc2# 0-1

[Event "I Festival Riviera dei Cedri A"]
[Site "Scalea ITA"]
[Date "2006.09.15"]
[Round "2"]
[White "Bottino, Alexiei"]
[Black "Falcomata', Gesualdo"]
[Result "1-0"]
[WhiteElo "2048"]
[BlackElo "1951"]
[PlyCount "75"]
[EventDate "2006.09.14"]

1.d4 Nf6 2.c4 g6 3.Nc3 Bg7 4.e4 d6 5.Nf3 O-O 6.Be2 e5 7.d5 a5 8.Bg5 h6 9.
Bh4 Na6 10.Nd2 Qe8 11.a3 Bd7 12.b3 Nh7 13.f3 f5 14.Rb1 g5 15.Bf2 Nf6 16.b4
axb4 17.axb4 Qg6 18.c5 f4 19.c6 bxc6 20.dxc6 Be6 21.Bc4 Qf7 22.Qb3 Bxc4 
23.Qxc4 Rfb8 24.b5 Qxc4 25.Nxc4 Nc5 26.O-O Ne8 27.Rfd1 Na4 28.Nd5 Bf8 29.
h3 Kf7 30.b6 cxb6 31.c7 Rb7 32.Ncxb6 Nxb6 33.Nxb6 Rxb6 34.Bxb6 Rc8 35.Ba5 
Ra8 36.Rb8 Nxc7 37.Bxc7 Ra7 38.Bxd6 1-0

[Event "I Festival Riviera dei Cedri A"]
[Site "Scalea ITA"]
[Date "2006.09.15"]
[Round "2"]
[White "Cammarota, Vittorio"]
[Black "Damiano, Giuseppe"]
[Result "1-0"]
[WhiteElo "2002"]
[BlackElo "2072"]
[PlyCount "35"]
[EventDate "2006.09.14"]

1.Nf3 Nf6 2.d4 g6 3.Bf4 c5 4.c3 Bg7 5.e3 Qb6 6.Qb3 O-O 7.Nbd2 Qxb3 8.axb3 
b6 9.Bxb8 Rxb8 10.Rxa7 Bb7 11.Bb5 Bxf3 12.Nxf3 Ra8 13.Ra4 Rxa4 14.bxa4 Ra8
15.O-O e6 16.Ne5 d5 17.Re1 Ne4 18.Nd7 1-0

[Event "I Festival Riviera dei Cedri A"]
[Site "Scalea ITA"]
[Date "2006.09.15"]
[Round "2"]
[White "Forlano, Luigi"]
[Black "Djuric, Stefan"]
[Result "0-1"]
[WhiteElo "2000"]
[BlackElo "2459"]
[PlyCount "62"]
[EventDate "2006.09.14"]

1.Nf3 g6 2.c4 Bg7 3.Nc3 c5 4.g3 Nc6 5.Bg2 Nf6 6.O-O d5 7.d4 dxc4 8.dxc5 
Qa5 9.Qa4 Qxa4 10.Nxa4 Be6 11.Ng5 Bd7 12.Bd2 O-O 13.Rac1 Rfd8 14.Rfd1 Rac8
15.Nf3 Ne4 16.Rxc4 Nxd2 17.Rxd2 Be6 18.Rxd8+ Rxd8 19.Rc1 Bxa2 20.Nc3 Bc4 
21.Bf1 h6 22.e3 Be6 23.Bb5 Bg4 24.Kg2 Nb4 25.h3 Be6 26.Nd4 Bxd4 27.Rd1 Nc2
28.Ne2 Bb3 29.Rd2 Ne1+ 30.Kf1 Nf3 31.Rd3 Bc2 0-1

[Event "I Festival Riviera dei Cedri A"]
[Site "Scalea ITA"]
[Date "2006.09.15"]
[Round "2"]
[White "Lagumina, Giulio"]
[Black "Cordi', Domenico"]
[Result "0-1"]
[WhiteElo "2315"]
[BlackElo "2065"]
[PlyCount "78"]
[EventDate "2006.09.14"]

1.e4 c5 2.Nf3 d6 3.Bb5+ Nd7 4.d4 cxd4 5.Qxd4 a6 6.Bxd7+ Bxd7 7.O-O e5 8.
Qd3 h6 9.c4 Nf6 10.Nc3 Rc8 11.Be3 Qc7 12.b3 Be7 13.Rac1 O-O 14.Nh4 Qa5 15.
f4 b5 16.c5 Ng4 17.Nf5 Bxf5 18.exf5 Nxe3 19.Qxe3 Rxc5 20.Qd3 b4 21.Ne4 
Rxc1 22.Rxc1 d5 23.Ng3 exf4 24.Nh5 Bc5+ 25.Kh1 Be3 26.Rf1 Rc8 27.Qe2 Qb5 
28.Qf3 Qxf1+ 29.Qxf1 Rc1 30.Qxc1 Bxc1 31.Kg1 f6 32.Kf2 Kf7 33.Ke2 g6 34.
fxg6+ Kxg6 35.g4 f5 36.h3 fxg4 37.hxg4 d4 38.Kd3 Be3 39.Ke4 a5 0-1

[Event "I Festival Riviera dei Cedri A"]
[Site "Scalea ITA"]
[Date "2006.09.15"]
[Round "2"]
[White "Nicolosi, Daniele"]
[Black "Serratore, Vincenzo"]
[Result "1-0"]
[WhiteElo "2029"]
[BlackElo "2046"]
[PlyCount "51"]
[EventDate "2006.09.14"]

1.d4 d5 2.e3 Bf5 3.Bd3 Bg6 4.Nf3 e6 5.Nbd2 Bd6 6.b3 Ne7 7.Ne5 f5 8.O-O Nd7
9.f4 Nf6 10.Bb2 h5 11.Ndf3 Ng4 12.Qe1 Bxe5 13.dxe5 Nc6 14.c4 Qe7 15.cxd5 
exd5 16.h3 Nh6 17.Qg3 Bh7 18.Bb5 O-O 19.Bxc6 bxc6 20.Rac1 Qe8 21.Nd4 Kh8 
22.Rxc6 Rf7 23.Rxh6 gxh6 24.e6 Rg7 25.Nxf5 Qg6 26.Bxg7+ 1-0

[Event "I Festival Riviera dei Cedri A"]
[Site "Scalea ITA"]
[Date "2006.09.15"]
[Round "2"]
[White "Stojanovic, Mihajlo"]
[Black "Scerbo, Antonio"]
[Result "1-0"]
[WhiteElo "2547"]
[BlackElo "2109"]
[PlyCount "59"]
[EventDate "2006.09.14"]

1.Nf3 Nf6 2.c4 d6 3.d4 g6 4.g3 Bg7 5.Bg2 O-O 6.O-O c5 7.Nc3 Nc6 8.d5 Na5 
9.Nd2 a6 10.Qc2 Rb8 11.b3 b5 12.Bb2 bxc4 13.bxc4 Nd7 14.Rab1 Nb6 15.Nd1 
Bxb2 16.Nxb2 Bd7 17.f4 Qc7 18.h4 e6 19.Qc3 Na4 20.Nxa4 Bxa4 21.Ne4 e5 22.
Rxb8 Rxb8 23.fxe5 dxe5 24.d6 Qb6 25.Nf6+ Kg7 26.Nd5 Qd8 27.Qxe5+ f6 28.
Nxf6 Nxc4 29.Ne8+ Kh6 30.Qg7+ 1-0

[Event "I Festival Riviera dei Cedri A"]
[Site "Scalea ITA"]
[Date "2006.09.15"]
[Round "2"]
[White "Stromboli, Ettore"]
[Black "Stromboli, Carlo"]
[Result "1/2-1/2"]
[WhiteElo "2224"]
[BlackElo "2196"]
[PlyCount "52"]
[EventDate "2006.09.14"]

1.e4 e5 2.Nf3 Nc6 3.d4 exd4 4.Bc4 Nf6 5.O-O Bc5 6.e5 d5 7.exf6 dxc4 8.fxg7
Rg8 9.Bg5 Be7 10.Bh6 Be6 11.Re1 Qd5 12.Nbd2 O-O-O 13.b3 c3 14.Nc4 Bf6 15.
Qd3 Bxg7 16.Bg5 Rde8 17.Rad1 Bf5 18.Qxc3 Rxe1+ 19.Nxe1 d3 20.Qd2 Bh6 21.
Bxh6 Bh3 22.Qxd3 Rxg2+ 23.Kh1 Rxf2+ 24.Kg1 Rg2+ 25.Kh1 Rf2+ 26.Kg1 Rg2+ 
1/2-1/2

[Event "I Festival Riviera dei Cedri A"]
[Site "Scalea ITA"]
[Date "2006.09.15"]
[Round "3"]
[White "Cordi', Domenico"]
[Black "Nicolosi, Daniele"]
[Result "0-1"]
[WhiteElo "2065"]
[BlackElo "2029"]
[PlyCount "59"]
[EventDate "2006.09.14"]

1.e4 e5 2.Nf3 d6 3.d4 exd4 4.Nxd4 Nf6 5.Nc3 Be7 6.Be2 O-O 7.O-O c5 8.Nb3 
a5 9.a4 Nc6 10.f4 Be6 11.Be3 Nb4 12.Bf3 Qb6 13.Nb5 Bc4 14.e5 dxe5 15.fxe5 
Nfd5 16.Bf2 Rad8 17.Nd6 Bxb3 18.cxb3 Bxd6 19.exd6 Qxd6 20.Qd2 b6 21.Rad1 
Qg6 22.Rfe1 Qf6 23.Bg3 h6 24.Re5 Nc7 25.Qe2 Ne6 26.Rxd8 Rxd8 27.Bg4 Nc6 
28.Re4 Ncd4 29.Qe1 Qg6 30.Re5 0-1

[Event "I Festival Riviera dei Cedri A"]
[Site "Scalea ITA"]
[Date "2006.09.15"]
[Round "3"]
[White "Djuric, Stefan"]
[Black "Stromboli, Ettore"]
[Result "1/2-1/2"]
[WhiteElo "2459"]
[BlackElo "2224"]
[PlyCount "79"]
[EventDate "2006.09.14"]

1.Nf3 Nf6 2.c4 e6 3.g3 b6 4.Bg2 Bb7 5.O-O Be7 6.Nc3 O-O 7.d4 Ne4 8.Bd2 f5 
9.Rc1 Bf6 10.Be1 Qe7 11.d5 Na6 12.Nd4 Nac5 13.Ndb5 a6 14.Nxe4 Nxe4 15.Nc3 
Nxc3 16.Bxc3 d6 17.Qb3 Kh8 18.e3 Bxc3 19.Rxc3 e5 20.Qd1 a5 21.f4 Rae8 22.
Bf3 Bc8 23.Bh5 g6 24.Bf3 Bd7 25.Qd2 e4 26.Be2 Ra8 27.Ra3 Rfb8 28.Rc1 Qg7 
29.Rc2 h6 30.Kf2 Rd8 31.Rc1 Qf6 32.Kg2 Kg7 33.Kf2 Kh8 34.Rg1 Kg7 35.Kf1 h5
36.Kf2 Kf7 37.h3 Rh8 38.Qd4 Rag8 39.Rc3 Ra8 40.Ke1 1/2-1/2

[Event "I Festival Riviera dei Cedri A"]
[Site "Scalea ITA"]
[Date "2006.09.15"]
[Round "3"]
[White "Forlano, Luigi"]
[Black "Lagumina, Giulio"]
[Result "0-1"]
[WhiteElo "2000"]
[BlackElo "2315"]
[PlyCount "82"]
[EventDate "2006.09.14"]

1.Nf3 d5 2.c4 c6 3.b3 dxc4 4.bxc4 e5 5.Nc3 Nd7 6.g3 Ngf6 7.Bg2 Bc5 8.O-O 
O-O 9.Bb2 Re8 10.Qc2 h6 11.d3 Nf8 12.Na4 Bd6 13.Nd2 Be6 14.e4 Bd7 15.d4 
exd4 16.Bxd4 Bb4 17.Bc5 Bxc5 18.Nxc5 Bc8 19.Rab1 Qc7 20.Rfe1 Rb8 21.Nd3 
Be6 22.e5 N6d7 23.Qc3 Bf5 24.f4 f6 25.exf6 Nxf6 26.Rxe8 Rxe8 27.Re1 Rxe1+ 
28.Nxe1 Qe7 29.Nef3 Qe2 30.Qe5 Qd1+ 31.Qe1 Qa4 32.h3 Qxa2 33.g4 Be6 34.Ne5
N6d7 35.Nxd7 Bxd7 36.Qe3 a5 37.f5 a4 38.Be4 Qb2 39.h4 a3 40.g5 a2 41.gxh6 
a1=Q+ 0-1

[Event "I Festival Riviera dei Cedri A"]
[Site "Scalea ITA"]
[Date "2006.09.15"]
[Round "3"]
[White "Maccario, Mauro"]
[Black "Armentano, Alessio"]
[Result "1/2-1/2"]
[WhiteElo "2165"]
[BlackElo "2087"]
[PlyCount "34"]
[EventDate "2006.09.14"]

1.d4 f5 2.Nf3 Nf6 3.g3 g6 4.Bg2 Bg7 5.O-O O-O 6.c4 d6 7.Nc3 Qe8 8.d5 Na6 
9.Nd4 Bd7 10.e4 fxe4 11.Nxe4 Nxe4 12.Bxe4 Nc5 13.Bg2 Rb8 14.Be3 a5 15.Qd2 
a4 16.Rab1 e5 17.dxe6 Nxe6 1/2-1/2

[Event "I Festival Riviera dei Cedri A"]
[Site "Scalea ITA"]
[Date "2006.09.15"]
[Round "3"]
[White "Scerbo, Antonio"]
[Black "Damiano, Giuseppe"]
[Result "0-1"]
[WhiteElo "2109"]
[BlackElo "2072"]
[PlyCount "120"]
[EventDate "2006.09.14"]

1.d4 Nf6 2.c4 g6 3.Nc3 d5 4.cxd5 Nxd5 5.e4 Nxc3 6.bxc3 Bg7 7.Be3 c5 8.Qd2 
Nc6 9.Bb5 cxd4 10.cxd4 O-O 11.Bxc6 bxc6 12.Rc1 Ba6 13.Ne2 Re8 14.O-O e5 
15.Rfd1 Bxe2 16.Qxe2 exd4 17.Qc4 Rxe4 18.Qxc6 Re6 19.Qb7 Re7 20.Qc6 Qe8 
21.Bg5 Qxc6 22.Rxc6 Rd7 23.Rd3 Re8 24.g3 Rb7 25.Bf6 Bxf6 26.Rxf6 Rd7 27.
Ra6 Re6 28.Ra4 Red6 29.Kf1 Kg7 30.Ke2 h5 31.Rda3 Rb7 32.Rd3 Rb2+ 33.Kf3 
Rf6+ 34.Ke4 Rfxf2 35.Rxa7 Rxa2 36.Rd7 Rae2+ 37.Kd5 Rf5+ 38.Kxd4 Rxh2 39.
Ra7 Rhf2 40.Ke4 h4 41.gxh4 R2f4+ 42.Ke3 Rxh4 43.Rdd7 Rhf4 44.Ra8 g5 45.
Rdd8 Re5+ 46.Kd3 Kg6 47.Rd6+ f6 48.Rg8+ Kf5 49.Rf8 Re6 50.Rd7 Rfe4 51.Rd5+
Kf4 52.Rf7 g4 53.Rh5 R4e5 54.Rh6 f5 55.Rh5 Rd6+ 56.Kc3 Rg6 57.Kd4 Re4+ 58.
Kd5 Rg5 59.Rh1 g3 60.Rh4+ Rg4 0-1

[Event "I Festival Riviera dei Cedri A"]
[Site "Scalea ITA"]
[Date "2006.09.15"]
[Round "3"]
[White "Serratore, Vincenzo"]
[Black "Blasco, Domenico"]
[Result "0-1"]
[WhiteElo "2046"]
[BlackElo "1992"]
[PlyCount "84"]
[EventDate "2006.09.14"]

1.d4 g6 2.Nf3 Bg7 3.Nc3 d6 4.e4 Nd7 5.Bd3 a6 6.Be3 e6 7.Qd2 h6 8.a3 Ne7 9.
h4 b6 10.h5 g5 11.Nh2 e5 12.d5 Nc5 13.Be2 f5 14.f3 O-O 15.Bxg5 hxg5 16.
Qxg5 Kh8 17.O-O-O Bf6 18.Qh6+ Kg8 19.Qd2 Nc6 20.Kb1 Bg5 21.Qe1 Nd4 22.g3 
Kh8 23.Bc4 Bf6 24.Qe3 Qe7 25.b4 b5 26.Bf1 Na4 27.Na2 fxe4 28.fxe4 Bg5 29.
Qd3 c5 30.dxc6 Nxc6 31.Nf3 Bg4 32.Be2 Bxf3 33.Bxf3 Nd4 34.Rdf1 Nxf3 35.
Rxf3 Rxf3 36.Qxf3 Rf8 37.Qd3 Nb6 38.Nc3 Nc4 39.Nd5 Qf7 40.a4 Qf3 41.Rg1 
Qxe4 42.Qd1 Nd2+ 0-1

[Event "I Festival Riviera dei Cedri A"]
[Site "Scalea ITA"]
[Date "2006.09.15"]
[Round "3"]
[White "Stromboli, Carlo"]
[Black "Cammarota, Vittorio"]
[Result "1-0"]
[WhiteElo "2196"]
[BlackElo "2002"]
[PlyCount "51"]
[EventDate "2006.09.14"]

1.e4 e5 2.Nf3 Nc6 3.d4 exd4 4.Bc4 Nf6 5.O-O d6 6.Nxd4 Ne5 7.Bb3 Be7 8.Re1 
O-O 9.h3 Re8 10.Nc3 c6 11.a4 Bd7 12.Be3 Qc7 13.f4 Ng6 14.Qf3 Qa5 15.Rad1 
Nh4 16.Qf1 d5 17.e5 Ne4 18.Nxe4 dxe4 19.Qc4 Rf8 20.e6 Be8 21.g3 c5 22.Bd2 
Qd8 23.gxh4 Qxd4+ 24.Qxd4 cxd4 25.Rxe4 Bxh4 26.e7 1-0